Disponibilidad de información socioeconómica y necesidades de los usuarios en algunas instituciones centroamericanas
Informa sobre calidad, tipo y características de la documentación e información socioeconómica disponible en algunas instituciones de América Central. Presenta las exposiciones de los representantes de las instituciones participantes (bibliotecas y centros de documentación de bancos, organismos regi...
محفوظ في:
| مؤلف مشترك: | |
|---|---|
| التنسيق: | نص |
| منشور في: |
San José:
CSUCA
|
| الموضوعات: | |
| الوسوم: |
إضافة وسم
لا توجد وسوم, كن أول من يضع وسما على هذه التسجيلة!
|
MARC
| LEADER | 00000 a a2200000 04500 | ||
|---|---|---|---|
| 001 | 20015 | ||
| 003 | |||
| 040 | |||
| 090 | |a 081800 | ||
| 110 | |a CSUCA. Centro de Documentación Económica y Social de Centroamérica | ||
| 245 | |a Disponibilidad de información socioeconómica y necesidades de los usuarios en algunas instituciones centroamericanas | ||
| 260 | |a San José: |b CSUCA | ||
| 300 | |a 20 p. | ||
| 520 | |a Informa sobre calidad, tipo y características de la documentación e información socioeconómica disponible en algunas instituciones de América Central. Presenta las exposiciones de los representantes de las instituciones participantes (bibliotecas y centros de documentación de bancos, organismos regionales de la integración, instituciones de enseñanza superior, UNESCO y otros) las cuales tratan sobre tipos de documentos, forma en que se almacenan, intercambio de información, posibilidades de vinculación al proyecto de documentación del CSUCA y proyecciones futuras. jmml | ||
| 650 | |a NECESIDADES DE INFORMACION | ||
| 650 | |a RED DE INFORMACION | ||
| 650 | |a INTERCAMBIO DE INFORMACION | ||
| 650 | |a CENTROS DE DOCUMENTACION | ||
| 650 | |a DOCUMENTO DE REUNION | ||
| 650 | |a INFORMACION SOCIOECONOMICA | ||
| 999 | |c 1130 |d 1130 | ||
